00527nam a2200169 a 450000100060000000300090000600800410001502000150005604000280007108200160009910000280011524500790014326000580022230000220028065000290030265000260033110552CO-ViMGA141112s2004 ck r 000 u spa d a9589206735 aCO-ViMGAbspacCO-ViMGA04a924.87 C15i1 aCalle Henao ; Augusto, 10aLa Integración en América : bVigencia del pensamiento de Andres Bello aSantafé de Bogotá : bEditorial Guadalupe, c1995 a114p. : il. color14aBELLO ANDRES 1781 - 186514aINTEGRACION América